| 000 | 00368 a2200169 4500 | ||
|---|---|---|---|
| 001 | 73170 | ||
| 020 | _a857666335 | ||
| 040 | _cAnchieta - Colégio São Paulo | ||
| 100 | _aMarino, Denise Mattos | ||
| 240 | 1 | 0 |
_aHistória _lpor |
| 245 | 1 | 0 | _aHistória |
| 300 | _a136 | ||
| 362 | 0 | _a0 | |
| 440 | 1 | _aEscala Educacional | |
| 650 | 4 | _aHistória do mundo | |
| 942 | _cBK | ||
| 999 |
_c73170 _d73170 |
||